| 000 | 00785cam a22002774a 4500 | ||
|---|---|---|---|
| 001 | 21540 | ||
| 003 | BD-RjUL | ||
| 005 | 20211209000710.0 | ||
| 008 | 140304s1973 bg 000 0 eng d | ||
| 035 | _a(BD-RjUL)21604 | ||
| 040 |
_aDLC _cDLC _dDLC _dBD-RjUL _beng |
||
| 041 | 1 |
_aeng _hben |
|
| 082 | 0 | 0 |
_a891.4416 _221 _bISS 1973 |
| 100 | 1 |
_aNazrul Islam, _d1899-1976. _966506 |
|
| 245 | 1 | 0 |
_aSelected poems of Kazi Nazrul Islam / _ctranslated by Kabir Choudhury |
| 250 | _a2nd. ed. | ||
| 260 |
_aMaghbazar, Dhaka : _bYasmin Huq, _c1973 |
||
| 300 |
_a133 p. ; _c23 cm. |
||
| 650 |
_aPoems _966524 |
||
| 651 |
_aBangladesh _966525 |
||
| 700 | 1 |
_a Choudhury, Kabir _966526 |
|
| 942 |
_2ddc _cBK |
||
| 999 |
_c21540 _d21540 |
||